[Event "IBCA-ol blind 17th"]
[Site "Vrnjacka Banja"]
[Date "2025.06.21"]
[Round "5.1"]
[White "Stachanczyk, Jacek"]
[Black "Nurhayev, Erlan"]
[Result "1/2-1/2"]
[WhiteElo "2123"]
[BlackElo "1689"]
[PlyCount "85"]
[EventDate "2025.06.17"]
[EventType "team-swiss"]
[EventRounds "9"]
[EventCountry "SRB"]
[SourceTitle "CB27_2025"]
[SourceDate "2025.07.02"]
[SourceVersion "1"]
[SourceVersionDate "2025.07.02"]
[SourceQuality "1"]
[WhiteTeam "Poland"]
[BlackTeam "Kazakhstan"]
[WhiteTeamCountry "POL"]
[BlackTeamCountry "KAZ"]

1. e4 e6 2. d4 d5 3. Nc3 Nf6 4. e5 Nfd7 5. f4 c5 6. Nf3 cxd4 7. Nxd4 Nc6 8. Be3 Nxd4 9. Bxd4 Bc5 10. Qd2 Bxd4 11. Qxd4 Qb6 12. Qxb6 Nxb6 13. Nb5 Ke7 14. b3 a6 15. Nd4 Bd7 16. Kd2 Bc6 17. a4 a5 18. Bd3 Nd7 19. Rhf1 f6 20. exf6+ gxf6 21. Rae1 e5 22. Nf5+ Kd8 23. Nh6 Kc7 24. fxe5 fxe5 25. Nf7 Rhg8 26. Nxe5 Rxg2+ 27. Kc3 Nxe5 28. Rxe5 Rxh2 29. Re7+ Kd6 30. Rxh7 Rxh7 31. Bxh7 Kc5 32. Bd3 d4+ 33. Kd2 Rd8 34. Bc4 Bxa4 35. Ra1 Bc6 36. Rxa5+ Kb4 37. Rg5 Rd6 38. Kd3 Rd8 39. Rg4 Kc5 40. c3 dxc3+ 41. Kxc3 Rd6 42. Rh4 Kb6 43. Rh5 1/2-1/2

[Event "IBCA-ol blind 17th"]
[Site "Vrnjacka Banja"]
[Date "2025.06.20"]
[Round "4.1"]
[White "Shepelev, Igor"]
[Black "Stachanczyk, Jacek"]
[Result "1/2-1/2"]
[WhiteElo "2035"]
[BlackElo "2123"]
[PlyCount "72"]
[EventDate "2025.06.17"]
[EventType "team-swiss"]
[EventRounds "9"]
[EventCountry "SRB"]
[SourceTitle "CB27_2025"]
[SourceDate "2025.07.02"]
[SourceVersion "1"]
[SourceVersionDate "2025.07.02"]
[SourceQuality "1"]
[WhiteTeam "Ukraine"]
[BlackTeam "Poland"]
[WhiteTeamCountry "UKR"]
[BlackTeamCountry "POL"]

1. d4 Nf6 2. c4 g6 3. Nc3 d5 4. cxd5 Nxd5 5. e4 Nxc3 6. bxc3 Bg7 7. Bc4 c5 8. Ne2 0-0 9. 0-0 Nc6 10. Be3 b6 11. dxc5 Qc7 12. cxb6 axb6 13. Rb1 Rb8 14. a4 Ne5 15. Bb5 Rd8 16. Qb3 Be6 17. Qb4 Bc4 18. Rfd1 Bxb5 19. Rxd8+ Rxd8 20. Qxb5 Nc4 21. Bf4 e5 22. Bg5 f6 23. Bh4 Nd2 24. Ra1 Nxe4 25. f3 Nd2 26. Bf2 Nc4 27. Qb3 Bf8 28. Rd1 Kg7 29. h3 Rxd1+ 30. Qxd1 Bc5 31. Qd5 Bxf2+ 32. Kxf2 Qa7 33. Qb5 Nd6 34. Qc6 Nc4 35. Qb5 Nd6 36. Qc6 Nc4 1/2-1/2

[Event "Titled Tuesday intern op 04th Feb Late"]
[Site "Chess.com INT"]
[Date "2025.02.04"]
[Round "6"]
[White "Bobkov, Vadim"]
[Black "Stachanczyk, Jacek"]
[Result "0-1"]
[WhiteElo "2204"]
[BlackElo "2129"]
[PlyCount "114"]
[EventDate "2025.02.04"]
[EventType "swiss (blitz)"]
[EventRounds "11"]
[EventCountry "USA"]
[SourceTitle "CB07_2025"]
[SourceDate "2025.02.12"]
[SourceVersion "1"]
[SourceVersionDate "2025.02.12"]
[SourceQuality "1"]

1. d4 d5 2. c4 c6 3. Nc3 Nf6 4. cxd5 cxd5 5. Nf3 Nc6 6. Bf4 Bf5 7. e3 e6 8. Bd3 Bxd3 9. Qxd3 Be7 10. 0-0 0-0 11. Rac1 Rc8 12. h3 a6 13. a3 Na5 14. b4 Nc4 15. Na4 Ne4 16. Nc5 Nxc5 17. bxc5 b6 18. cxb6 Qxb6 19. Rb1 Qa5 20. Rb3 Rc6 21. Rfb1 Rfc8 22. h4 h6 23. h5 Rb6 24. Rxb6 Nxb6 25. Ne5 Rc3 26. Rxb6 Rxd3 27. Rb8+ Kh7 28. Nxd3 f6 29. Bg3 Bxa3 30. Rc8 Qd2 31. Nf4 Bd6 32. Kh2 Bxf4 33. exf4 Qxd4 34. Ra8 Qc4 35. f3 d4 36. Be1 d3 37. Kg3 e5 38. fxe5 fxe5 39. Kf2 Qd4+ 40. Kf1 d2 41. Bxd2 Qxd2 42. Kg1 Qd4+ 43. Kh2 Qc4 44. Ra7 Qb5 45. Ra8 a5 46. Ra7 a4 47. g4 Qb4 48. Kg3 a3 49. g5 Qf4+ 50. Kh3 Qxf3+ 51. Kh4 Qf2+ 52. Kg4 Qxa7 53. g6+ Kg8 54. Kf5 Kf8 55. Ke6 a2 56. Kxe5 a1Q+ 57. Ke6 Qf6+ 0-1

[Event "Titled Tuesday intern op 04th Feb Late"]
[Site "Chess.com INT"]
[Date "2025.02.04"]
[Round "4"]
[White "Kotyk, Michael"]
[Black "Stachanczyk, Jacek"]
[Result "1-0"]
[WhiteElo "2222"]
[BlackElo "2129"]
[PlyCount "95"]
[EventDate "2025.02.04"]
[EventType "swiss (blitz)"]
[EventRounds "11"]
[EventCountry "USA"]
[SourceTitle "CB07_2025"]
[SourceDate "2025.02.12"]
[SourceVersion "1"]
[SourceVersionDate "2025.02.12"]
[SourceQuality "1"]

1. d4 d5 2. c4 c6 3. Nf3 Nf6 4. e3 a6 5. b3 Bg4 6. Ba3 e6 7. Bxf8 Kxf8 8. Nbd2 Nbd7 9. h3 Bxf3 10. Qxf3 g6 11. g4 h5 12. g5 Ne8 13. h4 Nd6 14. Bd3 Kg7 15. e4 dxe4 16. Nxe4 Nf5 17. Qf4 Qa5+ 18. Kf1 Nxd4 19. Nf6 Qe5 20. Qxe5 Nxe5 21. Be4 Rad8 22. f4 Nef3 23. Rd1 Nxh4 24. Rxh4 Nf5 25. Rxd8 Rxd8 26. Bxf5 exf5 27. Ke2 Rd4 28. Ke3 Rd1 29. Rh2 Kf8 30. Rd2 Rxd2 31. Kxd2 Ke7 32. Ke3 c5 33. Nd5+ Kd6 34. a3 Ke6 35. b4 cxb4 36. axb4 Kd6 37. Kd4 Ke6 38. Ne3 f6 39. gxf6 Kxf6 40. Ng2 g5 41. fxg5+ Kxg5 42. Ke5 Kg4 43. Ne3+ Kg5 44. Nxf5 Kg4 45. c5 Kg5 46. Ne3 h4 47. Kd6 Kf4 48. Nf1 1-0

[Event "Titled Tuesday intern op 04th Feb Late"]
[Site "Chess.com INT"]
[Date "2025.02.04"]
[Round "1"]
[White "Stachanczyk, Jacek"]
[Black "Leiva Rodriguez, Jeammarco Giuseppe"]
[Result "0-1"]
[WhiteElo "2129"]
[BlackElo "2387"]
[PlyCount "70"]
[EventDate "2025.02.04"]
[EventType "swiss (blitz)"]
[EventRounds "11"]
[EventCountry "USA"]
[SourceTitle "CB07_2025"]
[SourceDate "2025.02.12"]
[SourceVersion "1"]
[SourceVersionDate "2025.02.12"]
[SourceQuality "1"]

1. e4 c5 2. Nf3 d6 3. d4 cxd4 4. Nxd4 Nf6 5. Nc3 a6 6. Bg5 Nbd7 7. Qe2 b5 8. 0-0-0 Bb7 9. a3 Rc8 10. Nd5 e6 11. Nxf6+ Nxf6 12. f3 Be7 13. Kb1 0-0 14. h4 Nd7 15. Be3 Nb6 16. Qf2 d5 17. Nxe6 fxe6 18. Bxb6 Qe8 19. Bd3 b4 20. axb4 Bxb4 21. Qd4 Be7 22. e5 Bc6 23. Qg4 Bd8 24. Bd4 Bb5 25. Bxb5 axb5 26. h5 Rc4 27. h6 g5 28. Qg3 Qg6 29. Rd2 Ba5 30. Rhd1 Bxd2 31. Rxd2 Rfc8 32. Qf2 Qxh6 33. g3 Qh1+ 34. Ka2 Ra8+ 35. Kb3 Qa1 0-1

[Event "Titled Tuesday intern op 04th Feb Late"]
[Site "Chess.com INT"]
[Date "2025.02.04"]
[Round "5"]
[White "Stachanczyk, Jacek"]
[Black "Zepeda Berlanga, Jan Enrique"]
[Result "1-0"]
[WhiteElo "2129"]
[BlackElo "1979"]
[PlyCount "65"]
[EventDate "2025.02.04"]
[EventType "swiss (blitz)"]
[EventRounds "11"]
[EventCountry "USA"]
[SourceTitle "CB07_2025"]
[SourceDate "2025.02.12"]
[SourceVersion "1"]
[SourceVersionDate "2025.02.12"]
[SourceQuality "1"]

1. e4 c5 2. Nf3 d6 3. d4 cxd4 4. Nxd4 Nf6 5. Nc3 Nc6 6. Bg5 e6 7. Qd2 a6 8. 0-0-0 Bd7 9. f4 Be7 10. Nf3 b5 11. e5 b4 12. exf6 bxc3 13. Qxc3 gxf6 14. Kb1 Rg8 15. Bh4 Qa5 16. Be1 Qb6 17. g3 a5 18. Bg2 d5 19. f5 Rc8 20. fxe6 Bxe6 21. Nd4 Nxd4 22. Qxd4 Bc5 23. Qxf6 Rb8 24. b3 a4 25. Bxd5 axb3 26. cxb3 Bxd5 27. Qxb6 Be4+ 28. Kb2 Rxb6 29. Rf1 Ke7 30. Bc3 f5 31. Rde1 Rd8 32. Rxf5 Re6 33. Rxc5 1-0

[Event "Titled Tuesday intern op 21st Jan Late"]
[Site "Chess.com INT"]
[Date "2025.01.21"]
[Round "4"]
[White "Adewumi, Tanitoluwa"]
[Black "Stachanczyk, Jacek"]
[Result "1-0"]
[WhiteElo "2352"]
[BlackElo "2129"]
[PlyCount "79"]
[EventDate "2025.01.21"]
[EventType "swiss (blitz)"]
[EventRounds "11"]
[EventCountry "USA"]
[SourceTitle "CB05_2025"]
[SourceDate "2025.01.29"]
[SourceVersion "1"]
[SourceVersionDate "2025.01.29"]
[SourceQuality "1"]

1. e4 c5 2. Nf3 d6 3. Bb5+ Nd7 4. c3 Ngf6 5. Bd3 c4 6. Bc2 Qc7 7. Qe2 e6 8. Na3 Nb6 9. 0-0 Be7 10. e5 dxe5 11. Nxe5 Bd6 12. Nb5 Qc5 13. Nxd6+ Qxd6 14. Nxc4 Nxc4 15. Qxc4 0-0 16. d4 b5 17. Qd3 h6 18. Re1 a6 19. h4 Bb7 20. Re5 Rfd8 21. Bf4 Qc6 22. Qg3 Kf8 23. Rc5 Qe8 24. Rc7 Bd5 25. Bd6+ Kg8 26. Re7 Qc6 27. Be5 Nh5 28. Qg4 Re8 29. Rxe8+ Rxe8 30. Qxh5 f6 31. Bxf6 gxf6 32. Qg6+ Kf8 33. Qxf6+ Kg8 34. Re1 Qd7 35. Re3 Qf7 36. Rg3+ Kf8 37. Qxh6+ Ke7 38. Rg7 Rf8 39. Qg5+ Ke8 40. Bg6 1-0

[Event "Titled Tuesday intern op 21st Jan Late"]
[Site "Chess.com INT"]
[Date "2025.01.21"]
[Round "6"]
[White "Stachanczyk, Jacek"]
[Black "Novikov, Evgenij"]
[Result "1-0"]
[WhiteElo "2129"]
[BlackElo "2276"]
[PlyCount "103"]
[EventDate "2025.01.21"]
[EventType "swiss (blitz)"]
[EventRounds "11"]
[EventCountry "USA"]
[SourceTitle "CB05_2025"]
[SourceDate "2025.01.29"]
[SourceVersion "1"]
[SourceVersionDate "2025.01.29"]
[SourceQuality "1"]

1. e4 c6 2. d4 d5 3. Nc3 dxe4 4. Nxe4 Nd7 5. Ng5 Ngf6 6. Bd3 e6 7. Qe2 Nb6 8. N1f3 Bd6 9. Ne5 0-0 10. c3 c5 11. 0-0 cxd4 12. cxd4 Nbd5 13. a3 h6 14. Ne4 Nxe4 15. Qxe4 Nf6 16. Qh4 Nd7 17. Qe4 f5 18. Qe2 Nxe5 19. dxe5 Bc5 20. Rd1 Qe7 21. Bc4 Bd7 22. b4 Bb6 23. Bb2 Rac8 24. Rd6 Bc7 25. Rad1 Bxd6 26. exd6 Qf7 27. Bb3 Rfe8 28. Qe5 Kh7 29. h3 a6 30. Rd3 Rg8 31. Rg3 Rce8 32. h4 Bc6 33. h5 Bd5 34. Bc2 Rc8 35. Bd3 b5 36. Rg6 Rc6 37. Bd4 Qd7 38. Qf4 Rxd6 39. Be5 Rc6 40. Kh2 Qf7 41. Qd4 Rcc8 42. Be2 Rcd8 43. g3 Rd7 44. Qc3 Qe8 45. Qe3 Qc8 46. Bf4 Qc6 47. Bxh6 Bh1 48. f3 Bxf3 49. Bxf3 Qc2+ 50. Bg2 Rd1 51. Bf4 Qb1 52. Be5 1-0

[Event "Titled Tuesday intern op 21st Jan Late"]
[Site "Chess.com INT"]
[Date "2025.01.21"]
[Round "8"]
[White "Stachanczyk, Jacek"]
[Black "Silva Lucena, Cristian"]
[Result "1-0"]
[WhiteElo "2129"]
[BlackElo "2317"]
[PlyCount "29"]
[EventDate "2025.01.21"]
[EventType "swiss (blitz)"]
[EventRounds "11"]
[EventCountry "USA"]
[SourceTitle "CB05_2025"]
[SourceDate "2025.01.29"]
[SourceVersion "1"]
[SourceVersionDate "2025.01.29"]
[SourceQuality "1"]

1. e4 c5 2. Nf3 e6 3. d4 cxd4 4. Nxd4 Nf6 5. Nc3 d6 6. h3 d5 7. Bb5+ Bd7 8. exd5 Bxb5 9. Ndxb5 exd5 10. Nxd5 Nxd5 11. Qxd5 Bb4+ 12. c3 Qe7+ 13. Be3 Ba5 14. Nd6+ Kf8 15. Qxa5 1-0

[Event "Titled Tuesday intern op 21st Jan Late"]
[Site "Chess.com INT"]
[Date "2025.01.21"]
[Round "2"]
[White "Stachanczyk, Jacek"]
[Black "Zhigalko, Sergei"]
[Result "0-1"]
[WhiteElo "2129"]
[BlackElo "2572"]
[PlyCount "64"]
[EventDate "2025.01.21"]
[EventType "swiss (blitz)"]
[EventRounds "11"]
[EventCountry "USA"]
[SourceTitle "CB05_2025"]
[SourceDate "2025.01.29"]
[SourceVersion "1"]
[SourceVersionDate "2025.01.29"]
[SourceQuality "1"]

1. c4 e5 2. g3 Nf6 3. Bg2 c6 4. Nf3 d6 5. 0-0 Be7 6. Nc3 0-0 7. d4 e4 8. Ne1 d5 9. b3 h6 10. f3 Bb4 11. Bb2 Bf5 12. fxe4 Bxc3 13. Bxc3 Bxe4 14. Nf3 Nbd7 15. Qd2 Re8 16. Rae1 Qe7 17. Bb2 Rad8 18. Qa5 a6 19. Ba3 Qe6 20. Bc1 dxc4 21. bxc4 Qxc4 22. Bf4 Bxf3 23. Bxf3 Qxd4+ 24. Kg2 Nd5 25. Bxd5 Qxd5+ 26. Qxd5 cxd5 27. Rd1 Rxe2+ 28. Kf3 Rde8 29. Rxd5 Nf6 30. Rd2 Rxd2 31. Bxd2 Rd8 32. Bc3 Rd3+ 0-1

[Event "Titled Tuesday intern op 17th Sep Late"]
[Site "Chess,com INT"]
[Date "2024.09.17"]
[Round "9"]
[White "Goncalves, Samuel Jesus P"]
[Black "Stachanczyk, Jacek"]
[Result "1-0"]
[WhiteElo "2169"]
[BlackElo "2076"]
[PlyCount "139"]
[EventDate "2024.09.17"]
[EventType "swiss (blitz)"]
[EventRounds "11"]
[EventCountry "USA"]
[SourceTitle "EXT 2025"]
[Source "ChessBase"]
[SourceDate "2024.10.14"]
[SourceVersion "1"]
[SourceVersionDate "2024.10.14"]
[SourceQuality "1"]

1. d4 Nf6 2. c4 g6 3. g3 c6 4. Bg2 d5 5. Nf3 Bg7 6. 0-0 0-0 7. Ne5 Bf5 8. Nc3 dxc4 9. a4 Ng4 10. Nxc4 Qxd4 11. Qxd4 Bxd4 12. Na5 Bc8 13. h3 Nf6 14. Rd1 Bb6 15. Nc4 Bc7 16. Bh6 Rd8 17. Rxd8+ Bxd8 18. Rd1 Bc7 19. Bf4 Na6 20. Bxc7 Nxc7 21. Rd8+ Kg7 22. Na5 Nfd5 23. Ne4 Nb6 24. Nc5 Be6 25. Rxa8 Nbxa8 26. Naxb7 Bd5 27. Nd8 Nb6 28. Nxc6 Bxc6 29. Bxc6 Nc4 30. b4 Kf6 31. b5 Ke5 32. Nd3+ Kd6 33. e4 Nb6 34. e5+ Ke6 35. a5 Nc4 36. a6 Nd5 37. f4 Ndb6 38. Nc5+ Kf5 39. Kf2 f6 40. Kf3 fxe5 41. g4+ Kf6 42. Ne4+ Ke6 43. Ng5+ Kd6 44. Nxh7 exf4 45. Kxf4 e5+ 46. Kg5 Nd5 47. Bxd5 Kxd5 48. Nf6+ Kd4 49. h4 Kc5 50. h5 gxh5 51. gxh5 Nd6 52. Kg6 e4 53. Ng4 Nc4 54. h6 e3 55. Nxe3 Nxe3 56. h7 Nd5 57. h8Q Kxb5 58. Qe5 Kc6 59. Qe6+ Kc5 60. Qe5 Kc6 61. Qe4 Kc5 62. Qc2+ Kb6 63. Qb3+ Kc6 64. Qc4+ Kd6 65. Kg5 Nc7 66. Qd4+ Kc6 67. Qxa7 Nb5 68. Qb7+ Kc5 69. a7 Nxa7 70. Qxa7+ 1-0

[Event "Titled Tuesday intern op 17th Sep Early"]
[Site "Chess,com INT"]
[Date "2024.09.17"]
[Round "4"]
[White "Stachanczyk, Jacek"]
[Black "Dowgird, Filip"]
[Result "1-0"]
[WhiteElo "2076"]
[BlackElo "2348"]
[PlyCount "77"]
[EventDate "2024.09.17"]
[EventType "swiss (blitz)"]
[EventRounds "11"]
[EventCountry "USA"]
[SourceTitle "EXT 2025"]
[Source "ChessBase"]
[SourceDate "2024.10.14"]
[SourceVersion "1"]
[SourceVersionDate "2024.10.14"]
[SourceQuality "1"]

1. Nf3 d6 2. g3 e5 3. c4 Nf6 4. d3 Be7 5. Nc3 h6 6. Bg2 0-0 7. 0-0 Nbd7 8. e4 c6 9. Rb1 a6 10. b3 b5 11. h3 b4 12. Ne2 c5 13. Nh4 Nh7 14. Nf5 Ndf6 15. f4 Bxf5 16. exf5 Ra7 17. g4 Ne8 18. Ng3 a5 19. Bb2 exf4 20. Rxf4 Bg5 21. Rf1 a4 22. Ne4 axb3 23. axb3 Nef6 24. Nxg5 Nxg5 25. Ra1 Rxa1 26. Qxa1 Re8 27. Re1 Rxe1+ 28. Qxe1 Qe8 29. Qxe8+ Nxe8 30. h4 Nh7 31. Kf2 Nef6 32. Kg3 Nd7 33. Kf4 f6 34. Bc6 Ne5 35. Bd5+ Kf8 36. Bxe5 dxe5+ 37. Ke4 Ke7 38. Bg8 Nf8 39. Kd5 1-0

[Event "Titled Tuesday intern op 17th Sep Early"]
[Site "Chess,com INT"]
[Date "2024.09.17"]
[Round "6"]
[White "Stachanczyk, Jacek"]
[Black "Goncharov, Vladimir"]
[Result "1-0"]
[WhiteElo "2076"]
[BlackElo "2077"]
[PlyCount "99"]
[EventDate "2024.09.17"]
[EventType "swiss (blitz)"]
[EventRounds "11"]
[EventCountry "USA"]
[SourceTitle "EXT 2025"]
[Source "ChessBase"]
[SourceDate "2024.10.14"]
[SourceVersion "1"]
[SourceVersionDate "2024.10.14"]
[SourceQuality "1"]

1. Nf3 Nf6 2. g3 c5 3. c4 Nc6 4. Bg2 d6 5. Nc3 g6 6. 0-0 Bg7 7. d4 cxd4 8. Nxd4 Bd7 9. b3 0-0 10. Bb2 Nxd4 11. Qxd4 Bc6 12. Qd3 Qa5 13. Rac1 Rac8 14. e4 a6 15. a3 Nd7 16. b4 Qd8 17. Qe2 b5 18. Nd5 Bxb2 19. Qxb2 Bxd5 20. cxd5 Ne5 21. Qd4 Rc4 22. Rxc4 Nxc4 23. a4 Qb6 24. Qxb6 Nxb6 25. axb5 axb5 26. Rc1 Ra8 27. Bf1 Ra4 28. Rc6 Nd7 29. Bxb5 Ra1+ 30. Kg2 Ne5 31. Rc8+ Kg7 32. Bf1 Rb1 33. b5 h5 34. Rc7 Kf6 35. f4 Ng4 36. Be2 Rb2 37. Kf3 Nxh2+ 38. Ke3 Ng4+ 39. Bxg4 hxg4 40. Rb7 Rb3+ 41. Kd4 Rxg3 42. b6 Rb3 43. e5+ Kg7 44. Rxe7 g3 45. exd6 g2 46. Re1 Rxb6 47. Kc5 Rb2 48. d7 Rf2 49. Rg1 Rc2+ 50. Kd6 1-0

[Event "Titled Tuesday intern op 10th Sep Early"]
[Site "Chess,com INT"]
[Date "2024.09.10"]
[Round "11"]
[White "Brancaleoni, Maurizio"]
[Black "Stachanczyk, Jacek"]
[Result "1-0"]
[WhiteElo "2180"]
[BlackElo "2076"]
[PlyCount "103"]
[EventDate "2024.09.10"]
[EventType "swiss (blitz)"]
[EventRounds "11"]
[EventCountry "USA"]
[SourceTitle "EXT 2025"]
[Source "ChessBase"]
[SourceDate "2024.10.14"]
[SourceVersion "1"]
[SourceVersionDate "2024.10.14"]
[SourceQuality "1"]

1. Nf3 Nc6 2. d4 Nf6 3. d5 Nb8 4. c4 c6 5. Nc3 cxd5 6. cxd5 d6 7. e4 g6 8. Bb5+ Bd7 9. Qb3 Bg7 10. 0-0 0-0 11. Be2 Bc8 12. h3 Nbd7 13. Be3 Nc5 14. Bxc5 dxc5 15. e5 Nh5 16. Qc4 Bh6 17. Rfd1 b6 18. d6 exd6 19. exd6 Bd7 20. Ne5 Nf4 21. Bf3 Rb8 22. Ne4 Bg7 23. Nxd7 Qxd7 24. Rab1 Ne6 25. Bg4 f5 26. Ng5 Rbe8 27. Bf3 Kh8 28. Bc6 Qxc6 29. Nxe6 Rg8 30. Ng5 h6 31. Nf7+ Kh7 32. d7 Rc8 33. dxc8Q Rxc8 34. Nd6 Rd8 35. Nf7 Rf8 36. Nd6 Rd8 37. Nb5 Re8 38. Nc3 Bd4 39. Nb5 Bg7 40. Nc3 Bd4 41. b4 Re4 42. Nxe4 Qxe4 43. Qf7+ Kh8 44. Qf8+ Kh7 45. Qf7+ Kh8 46. Qb3 c4 47. Qf3 Qe5 48. Re1 Qd6 49. Rbd1 c3 50. Qd3 c2 51. Qxd4+ Qxd4 52. Rxd4 1-0

[Event "Titled Tuesday intern op 10th Sep Early"]
[Site "Chess,com INT"]
[Date "2024.09.10"]
[Round "4"]
[White "Decuigniere, Tom"]
[Black "Stachanczyk, Jacek"]
[Result "1-0"]
[WhiteElo "2390"]
[BlackElo "2076"]
[PlyCount "109"]
[EventDate "2024.09.10"]
[EventType "swiss (blitz)"]
[EventRounds "11"]
[EventCountry "USA"]
[SourceTitle "EXT 2025"]
[Source "ChessBase"]
[SourceDate "2024.10.14"]
[SourceVersion "1"]
[SourceVersionDate "2024.10.14"]
[SourceQuality "1"]

1. e4 c5 2. Nf3 d6 3. d4 cxd4 4. Nxd4 Nf6 5. Nc3 g6 6. Be3 Bg7 7. f3 0-0 8. Qd2 Nc6 9. 0-0-0 d5 10. Nxc6 bxc6 11. Bh6 Bxh6 12. Qxh6 Rb8 13. e5 Nd7 14. h4 f6 15. h5 g5 16. Bd3 f5 17. Qxg5+ Kh8 18. Bxf5 Nxe5 19. Bxc8 Nf7 20. Qg4 Qxc8 21. Qxc8 Rbxc8 22. Na4 e5 23. Nc5 Rfe8 24. Rhe1 Kg7 25. Rd3 Kh6 26. Ra3 Rc7 27. g4 Kg5 28. Rae3 Rce7 29. Nd3 Re6 30. Nc5 R6e7 31. Nd3 Re6 32. f4+ Kxg4 33. fxe5 Ng5 34. Rg1+ Kxh5 35. Nf4+ Kh6 36. Nxe6 Rxe6 37. b4 Kg6 38. a4 h6 39. Kb2 Kf5 40. Rf1+ Kg6 41. Rf6+ Rxf6 42. exf6 Kxf6 43. Kc3 h5 44. Kd4 h4 45. Kc5 h3 46. Re1 Ne4+ 47. Kxc6 Ng3 48. b5 h2 49. a5 h1Q 50. Rxh1 Nxh1 51. b6 axb6 52. axb6 Ng3 53. b7 Nf5 54. b8Q Ne7+ 55. Kd6 1-0

[Event "Titled Tuesday intern op 10th Sep Late"]
[Site "Chess,com INT"]
[Date "2024.09.10"]
[Round "11"]
[White "Jarocka, Liwia"]
[Black "Stachanczyk, Jacek"]
[Result "1-0"]
[WhiteElo "2242"]
[BlackElo "2076"]
[PlyCount "89"]
[EventDate "2024.09.10"]
[EventType "swiss (blitz)"]
[EventRounds "11"]
[EventCountry "USA"]
[SourceTitle "EXT 2025"]
[Source "ChessBase"]
[SourceDate "2024.10.14"]
[SourceVersion "1"]
[SourceVersionDate "2024.10.14"]
[SourceQuality "1"]

1. g3 c5 2. Bg2 Nc6 3. Nf3 g6 4. 0-0 Bg7 5. e3 Nf6 6. d4 cxd4 7. exd4 d5 8. Re1 0-0 9. Ne5 Bf5 10. Nc3 Re8 11. a3 Qb6 12. Nxd5 Nxd5 13. Bxd5 Bxe5 14. Bxc6 Bxd4 15. Bxe8 Bxf2+ 16. Kg2 Bxe1 17. Bxf7+ Kxf7 18. Qxe1 Qc6+ 19. Kg1 Qxc2 20. Bg5 Qc5+ 21. Be3 Qe5 22. Qf2 Kg8 23. Re1 Qd5 24. Bxa7 Rf8 25. Qg2 Qa5 26. Bf2 e5 27. Qxb7 e4 28. Qb6 Qd2 29. Qb3+ Kg7 30. Qc3+ Qxc3 31. bxc3 Ra8 32. Ra1 Ra4 33. Bd4+ Kf7 34. Kf2 Ke6 35. Ke3 Kd5 36. Kf4 h5 37. Rb1 Rxa3 38. Rb5+ Kc4 39. Rb8 Kd3 40. Re8 Ra2 41. h4 Rc2 42. Rd8 Kc4 43. Ke3 Rg2 44. Be5 Rg1 45. Rd4+ 1-0

[Event "Titled Tuesday intern op 10th Sep Early"]
[Site "Chess,com INT"]
[Date "2024.09.10"]
[Round "5"]
[White "Kaliakhmet, Elnaz"]
[Black "Stachanczyk, Jacek"]
[Result "1-0"]
[WhiteElo "2137"]
[BlackElo "2076"]
[PlyCount "75"]
[EventDate "2024.09.10"]
[EventType "swiss (blitz)"]
[EventRounds "11"]
[EventCountry "USA"]
[SourceTitle "EXT 2025"]
[Source "ChessBase"]
[SourceDate "2024.10.14"]
[SourceVersion "1"]
[SourceVersionDate "2024.10.14"]
[SourceQuality "1"]

1. e4 e5 2. Nf3 Nf6 3. Nxe5 d6 4. Nf3 Nxe4 5. d3 Nf6 6. d4 d5 7. Bd3 Bd6 8. 0-0 0-0 9. Bg5 Bg4 10. h3 Bh5 11. c4 c6 12. Nc3 h6 13. Bh4 g5 14. Bg3 Bxg3 15. fxg3 dxc4 16. Bxc4 Bg6 17. Ne5 Kg7 18. Kh2 Nbd7 19. Qb3 Nb6 20. Rad1 Qc7 21. Rd2 Rad8 22. a4 Nbd5 23. Bxd5 Nxd5 24. Rdf2 Ne3 25. Re1 Nf5 26. Nxg6 fxg6 27. Ne4 Nxd4 28. Qe3 Nf5 29. Qc3+ Kh7 30. Nf6+ Kh8 31. Nd7+ Kh7 32. Nxf8+ Rxf8 33. Kg1 Rd8 34. g4 Nd4 35. Ref1 Rd7 36. a5 a6 37. Qc4 Kg7 38. Qc5 1-0

[Event "Titled Tuesday intern op 10th Sep Early"]
[Site "Chess,com INT"]
[Date "2024.09.10"]
[Round "9"]
[White "Piddubna, Bozhena"]
[Black "Stachanczyk, Jacek"]
[Result "1-0"]
[WhiteElo "2176"]
[BlackElo "2076"]
[PlyCount "79"]
[EventDate "2024.09.10"]
[EventType "swiss (blitz)"]
[EventRounds "11"]
[EventCountry "USA"]
[SourceTitle "EXT 2025"]
[Source "ChessBase"]
[SourceDate "2024.10.14"]
[SourceVersion "1"]
[SourceVersionDate "2024.10.14"]
[SourceQuality "1"]

1. d4 Nf6 2. c4 g6 3. Nf3 Bg7 4. g3 0-0 5. Bg2 c6 6. Nc3 d5 7. Qb3 dxc4 8. Qxc4 Be6 9. Qd3 Na6 10. 0-0 Nb4 11. Qd1 a5 12. e4 Bc4 13. Re1 Nd3 14. Nd2 Qxd4 15. Re3 Nxc1 16. Rxc1 Be6 17. Nf3 Qxd1+ 18. Rxd1 Rad8 19. Red3 Rxd3 20. Rxd3 h6 21. Rd1 b5 22. Nd4 Bd7 23. e5 Ng4 24. Nxc6 Bxc6 25. Bxc6 b4 26. Nd5 Nxe5 27. Nxe7+ Kh7 28. Bg2 Re8 29. Nd5 Rd8 30. Rc1 Nd3 31. Rc7 Kg8 32. b3 Bd4 33. Ne3 Nxf2 34. Kxf2 Re8 35. Bd5 Rxe3 36. Bxf7+ Kg7 37. Kg2 Re2+ 38. Kh3 Bg1 39. Bc4+ Kf6 40. Bxe2 1-0

[Event "Titled Tuesday intern op 10th Sep Early"]
[Site "Chess,com INT"]
[Date "2024.09.10"]
[Round "8"]
[White "Thake, Conrad"]
[Black "Stachanczyk, Jacek"]
[Result "0-1"]
[WhiteElo "1840"]
[BlackElo "2076"]
[PlyCount "50"]
[EventDate "2024.09.10"]
[EventType "swiss (blitz)"]
[EventRounds "11"]
[EventCountry "USA"]
[SourceTitle "EXT 2025"]
[Source "ChessBase"]
[SourceDate "2024.10.14"]
[SourceVersion "1"]
[SourceVersionDate "2024.10.14"]
[SourceQuality "1"]

1. c4 c5 2. Nc3 Nc6 3. g3 g6 4. Bg2 Bg7 5. d3 d6 6. e4 e5 7. Nge2 Nge7 8. 0-0 0-0 9. h3 Nd4 10. Be3 Rb8 11. a4 a6 12. f4 Nxe2+ 13. Qxe2 Bd7 14. Rf2 exf4 15. gxf4 f5 16. e5 dxe5 17. Bxc5 Re8 18. fxe5 Nc6 19. Bd6 Bxe5 20. Bxe5 Rxe5 21. Bd5+ Kg7 22. Qd2 Qh4 23. Kh2 Rbe8 24. Rg1 Re3 25. Rg3 Qxg3+ 0-1

[Event "Titled Tuesday intern op 27th Aug Late"]
[Site "Chess.com INT"]
[Date "2024.08.27"]
[Round "9"]
[White "Decker, Thomas"]
[Black "Stachanczyk, Jacek"]
[Result "0-1"]
[WhiteElo "2300"]
[BlackElo "2091"]
[PlyCount "66"]
[EventDate "2024.08.27"]
[EventType "swiss (blitz)"]
[EventRounds "11"]
[EventCountry "USA"]
[SourceTitle "EXT 2025"]
[Source "ChessBase"]
[SourceDate "2024.10.14"]
[SourceVersion "1"]
[SourceVersionDate "2024.10.14"]
[SourceQuality "1"]

1. c4 c5 2. Nc3 Nc6 3. g3 g6 4. Bg2 Bg7 5. d3 Nf6 6. Bf4 d6 7. Qd2 h6 8. h3 e5 9. Be3 Rb8 10. Nf3 Nd4 11. g4 Be6 12. g5 hxg5 13. Nxg5 Bf5 14. Nd5 b5 15. b3 bxc4 16. bxc4 Nh5 17. Rc1 Nf4 18. Nxf4 Qxg5 19. Bxd4 cxd4 20. Bc6+ Kf8 21. Ne6+ Bxe6 22. Qxg5 Bh6 23. Qh4 Bd2+ 24. Kxd2 Rxh4 25. Rb1 Rxb1 26. Rxb1 Rxh3 27. Rb7 a5 28. Ra7 Rh2 29. f3 g5 30. Rxa5 g4 31. fxg4 Bxg4 32. Ra7 Rxe2+ 33. Kc1 Bf5 0-1